| 000 | 00790nam a22001697a 4500 | ||
|---|---|---|---|
| 003 | OSt | ||
| 005 | 20241203102558.0 | ||
| 008 | 241203b |||||||| |||| 00| 0 eng d | ||
| 041 | _aEnglish | ||
| 082 | _aPM/GRD/20 Acc. No. 8,558 | ||
| 110 | _aMinistry Of Railways Development | ||
| 245 | _aParliamentary Memorandum By The Minister For Railways Development For Approval Of Addendum No. 1 To The Commercial Agreement Between The Ghana Railways Development Authority And Afcons Infrastructure Limited, India For Variation In Respect Of The Ongoing Railway Construction Works Between The Port Od Tema And Mpakadan | ||
| 260 |
_aAccra _bParliament Of Ghana _c5th August, 2020 |
||
| 300 | _a8P | ||
| 650 | _2Railway Construction Works Between The Port Od Tema And Mpakadan | ||
| 942 |
_2ddc _cMOU _n0 |
||
| 999 |
_c4919 _d4919 |
||